Maternidad y trabajo: conflictos por resolver
Bewaard in:
| Hoofdauteur: | |
|---|---|
| Formaat: | Boek |
| Taal: | Spaans |
| Gepubliceerd in: |
Barcelona
Icaria
2010
|
| Editie: | 1a. ed |
| Reeks: | Aka y nueva: género y sociedad, 82
|
| Onderwerpen: | |
| Tags: |
Voeg label toe
Geen labels, Wees de eerste die dit record labelt!
|
MARC
| LEADER | 00000nam a2200000 a 4500 | ||
|---|---|---|---|
| 001 | UCG3067 | ||
| 003 | CL-VaPUC | ||
| 008 | 100805e20100500SP |||||||||||||||||spa|d | ||
| 020 | |a 9788498882100 | ||
| 082 | 0 | 4 | |a 331.44 |b RAB |2 21 |
| 100 | 0 | |a Rabbani, Rosa |e author |9 551878 | |
| 245 | 1 | 0 | |a Maternidad y trabajo: conflictos por resolver |
| 250 | |a 1a. ed | ||
| 300 | |a 255 p | ||
| 942 | |c BK | ||
| 945 | |d 20100805 00:00:00 |a mfarfan | ||
| 260 | |a Barcelona |b Icaria |c 2010 | ||
| 650 | 0 | |a Derechos de la mujer |9 257074 | |
| 650 | 7 | |a EMBARAZADA |2 CL-VaPUC |9 551879 | |
| 650 | 0 | |a Maternidad |9 335758 | |
| 650 | 0 | |a Mujer |9 255613 | |
| 650 | 0 | |a Salud |9 258663 | |
| 650 | 0 | |a Trabajo |9 313876 | |
| 583 | |a last modification |c 20100805 00:00:00 |k Rodrigo Vera | ||
| 490 | 0 | |a Aka y nueva: género y sociedad, 82 | |
| 999 | |c 342165 |d 342163 | ||
| 952 | |0 0 |1 0 |4 0 |6 331_440000000000000_RAB_2010 |7 0 |8 A |9 438173 |a BIBDER |b BIBDER |d 2019-11-22 |i 4705386 |o 331.44 RAB 2010 |p 4705386 |r 2023-01-25 |w 2019-11-22 |y BK |k DER | ||